La explotación sexual comercial como crimen organizado y su dimensión transnacional /

Gardado en:
Detalles Bibliográficos
Autor Principal: Portillo, Vilma Guadalupe
Formato: Texto
Materias:
Etiquetas: Engadir etiqueta
Sen Etiquetas, Sexa o primeiro en etiquetar este rexistro!

MARC

LEADER 00000 a a2200000 04500
001 2199
003
040
100 |a Portillo, Vilma Guadalupe  
245 |a La explotación sexual comercial como crimen organizado y su dimensión transnacional /  |c Vilma Guadalupe Portillo 
650 |a EXPLOTACION SEXUAL COMERCIAL  
650 |a CRIMEN ORGANIZADO  
650 |a ABUSO DE MENORES  
650 |a CENTROAMERICA  
773 |g número 5; páginas 46-50  
999 |c 36838  |d 36838